000 00915nam a22002417a 4500
999 _c65528
_d65528
005 20240530110829.0
008 190903s2008 ua a g b 000 0 ara d
017 _a2007/26366
_bمصر. دار الكتب
040 _aEG-CaGPL
_cEG-CaGPL
082 0 4 _221
_a239.9\
_bف س
100 0 _aفتحى فوزى عبدالمعطى
245 1 0 _aسيرة حياة كتاب الرسول /
_cتأليف فتحى فوزى عبدالمعطى
250 _aط.1
260 _aالقاهرة :
_bنهضة مصر للطباعة والنشر والتوزيع،
_c2001
300 _a211 ص. ؛
_c24 سم.
650 0 7 _2qrmak
_aالسيرة النبوية
650 0 7 _aالصحابة والتابعون
_2qrmak
650 0 7 _aاخلاق الرسول
_2qrmak
650 0 7 _aالسيرة النبوية
_xاهل البيت
_2qrmak
651 _2qrmak
942 _2ddc
_cBK